| 000 | 00647nam0a22002291 4500 | ||
|---|---|---|---|
| 001 | RU\NLR\BIBL_A\011798671 | ||
| 005 | 20251201175815.6 | ||
| 035 | _a(NLR Aleph) 011798671 | ||
| 090 |
_a11860429 _c11860429 |
||
| 100 | _a20180926d1898 u y0rusy50 ca | ||
| 101 | 0 | _akor | |
| 102 | _aRU | ||
| 105 | _ay z 000zy | ||
| 200 | 1 |
_aКорейскiе тексты (Корейские тексты) _zkor |
|
| 210 |
_aСанкт-Петербург _d1898 _7ca |
||
| 215 | _a62 с | ||
| 700 | 1 |
_aКимъ-Пенъ-Окъ (Ким Пен Ок) _4220 |
|
| 852 |
_aNLR _bОЛСАА-кор _j5-38 |
||
| 942 | _cBOOK | ||
| 980 | _aNB | ||
| 980 | 1 | _aKOR | |